000 00512nam a2200193Ia 4500
005 20250326144754.0
008 250326s9999 xx 000 0 und d
020 _a81-7992-393-2
037 _aTextbook
040 _aFMSL
_beng
_cFMSL
041 _aeng
_2eng
084 _aX3.1 P5
_qFMSL
100 _aSamovar L A
_9750082
245 0 _aCross-cultural communication
_cSamovar L A
260 _aDelhi
_bDelhi, Jaico
_c2005
300 _a508p
942 _cTB
_hX3.1 P5
999 _c1304987
_d1304987